000 00363cam a2200145ua 4500
041 _aeng
_h
082 _a823.308
_bSTU/HA
100 _aStubbs, Jean .
245 _aHanrahan`s colony /
_cJean Stubbs.
_hTextual Documents
260 _aLondon :
_bMacMillan and Company Limited ,
_c1964.
300 _a216 ; .
504 _a
942 _cBK
999 _c2739
_d2739